000 00536nam a2200181Ia 4500
008 240925s9999 xx 000 0 und d
020 _a137877307
082 _a004.165 WAL
100 _aWalter , A. Triebel
245 4 _aThe 80836, 80846 and Pentium Processor Hardware ,Software ,and Interfacing
250 _aNA
260 _aNew Delhi:
_bPrentice Hall
_c,1998.
300 _axv,1151p.
_bNA
_fNA
500 _aIncludes Index
600 _aComputer Science
650 _aComputer science, information & general works
942 _cBK
999 _c7637
_d7637